| 000 | 00974nam a22001937a 4500 | ||
|---|---|---|---|
| 003 | BD-DhUL | ||
| 005 | 20161113153547.0 | ||
| 008 | 161005s1932 ii |||| |||| 000 0 b d | ||
| 040 |
_aBD-DhUL _cBD-DhUL |
||
| 082 |
_a079.54 _bBRS |
||
| 100 | 1 | 0 |
_aবন্দ্যোপাধ্যায় ,শ্রী ব্রজেন্দ্রনাথ _eসম্পা. |
| 245 |
_aসংবাদপত্রে সেকালের কথা ১৮১৮-১৮৩০ : _bখন্ড. ১ / _cশ্রী ব্রজেন্দ্রনাথ বন্দ্যোপাধ্যায় |
||
| 260 |
_aকলিকাতা : _bবঙ্গীয়-সাহিত্য-পরিষদ-মন্দির , _c১৯৩২।. |
||
| 300 |
_a৫১৫ পৃ. ; _b _c২৫ সেমি. |
||
| 490 |
_aসাহিত্য-পরিষদ-গ্রন্থাবলী _v৮২. |
||
| 650 | _aসাময়িকী. | ||
| 650 | _aPeriodicals. | ||
| 942 |
_2ddc _cBK |
||
| 999 |
_c122622 _d122622 |
||